| 000 | 00543 a2200169 4500 | ||
|---|---|---|---|
| 003 | NUST | ||
| 005 | 20221224123428.0 | ||
| 040 | _cNust | ||
| 082 | _a355.02,CLA | ||
| 100 |
_aClausewits, Carl Von _9105811 |
||
| 245 |
_aOn War / _cCarl Von Clausewitz; Translated by Colonel J. J. Graham |
||
| 260 |
_aLondn _bRoutledge & Kegan _c1962 |
||
| 300 | _a314:p. | ||
| 505 | _aOn the Nature of War (Page-1), On the Theory of War (Page-84), of Strategy in General (Page-165), The Combat (Page-235). | ||
| 650 | _aWar | ||
| 942 |
_2ddc _cBK _k355.02,CLA |
||
| 999 |
_c185343 _d185343 |
||